| 000 | 00451nam a22001217a 4500 | ||
|---|---|---|---|
| 082 | _a200 THE | ||
| 100 |
_aMUHAMMAD AWAIS AKBAR _969791 |
||
| 245 | _aTH-SOF-1526-ASSESSMENT OF E-WASTE IN PAKISTAN & DEVELOPMENT OF A STRATEGY FOR ITS EFFECTIVE DISPOSAL | ||
| 260 |
_aIslamabad _bNUST College of EME _c2018 |
||
| 650 |
_aMS-EM-9 MSTHESIS _969389 |
||
| 700 |
_aADVISOR BRIG. DR. NAWAR KHAN CO-ADVISOR LT. COL. DR. FAHEEM QAISAR JAMAL _969792 |
||
| 942 | _cCF | ||
| 999 |
_c576914 _d576914 |
||